The social justice agenda : (Record no. 122101)
[ view plain ]
| 000 -LEADER | |
|---|---|
| fixed length control field | 01002cam a2200301 a 4500 |
| 001 - CONTROL NUMBER | |
| control field | 4475302 |
| 003 - CONTROL NUMBER IDENTIFIER | |
| control field | ARRUPE |
| 005 - DATE AND TIME OF LATEST TRANSACTION | |
| control field | 20150305131544.0 |
| 008 - FIXED-LENGTH DATA ELEMENTS--GENERAL INFORMATION | |
| fixed length control field | 910403s1991 nyu b 001 0 eng |
| 010 ## - LIBRARY OF CONGRESS CONTROL NUMBER | |
| LC control number | 90049049 |
| 020 ## - INTERNATIONAL STANDARD BOOK NUMBER | |
| International Standard Book Number | 0883447223 (pbk.) |
| 035 ## - SYSTEM CONTROL NUMBER | |
| System control number | (OCoLC)22492109 |
| 035 ## - SYSTEM CONTROL NUMBER | |
| System control number | (OCoLC)ocm22492109 |
| 035 ## - SYSTEM CONTROL NUMBER | |
| System control number | (NNC)4475302 |
| 040 ## - CATALOGING SOURCE | |
| Original cataloging agency | DLC |
| Transcribing agency | DLC |
| Modifying agency | NNUT |
| 050 00 - LIBRARY OF CONGRESS CALL NUMBER | |
| Classification number | BX1795.J87 |
| Item number | D67 1991 |
| 090 ## - LOCALLY ASSIGNED LC-TYPE CALL NUMBER (OCLC); LOCAL CALL NUMBER (OCLC) | |
| Classification number (OCLC) (R) ; Classification number, CALL (RLIN) (NR) | BX1795.J87 |
| Local cutter number (OCLC) ; Book number/undivided call number, CALL (RLIN) | D67 1991 |
| 300 ## - PHYSICAL DESCRIPTION | |
| Dimensions | 22 cm. |
| 100 1# - MAIN ENTRY--PERSONAL NAME | |
| Personal name | Dorr, Donal. |
| 9 (RLIN) | 15298 |
| 245 14 - TITLE STATEMENT | |
| Title | The social justice agenda : |
| Remainder of title | justice, ecology, power, and the church / |
| Statement of responsibility, etc | Donal Dorr. |
| 260 ## - PUBLICATION, DISTRIBUTION, ETC. (IMPRINT) | |
| Place of publication, distribution, etc | Maryknoll, N.Y. : |
| Name of publisher, distributor, etc | Orbis Books ; |
| Place of publication, distribution, etc | Dublin : |
| Name of publisher, distributor, etc | Gill and Macmillan, |
| Date of publication, distribution, etc | c1991. |
| 300 ## - PHYSICAL DESCRIPTION | |
| Extent | 201 p. ; |
| 504 ## - BIBLIOGRAPHY, ETC. NOTE | |
| Bibliography, etc | Includes bibliographical references and index. |
| 610 20 - SUBJECT ADDED ENTRY--CORPORATE NAME | |
| Corporate name or jurisdiction name as entry element | Catholic Church |
| General subdivision | Doctrines. |
| 9 (RLIN) | 15299 |
| 650 #0 - SUBJECT ADDED ENTRY--TOPICAL TERM | |
| Topical term or geographic name as entry element | Christianity and justice |
| General subdivision | Catholic Church. |
| 9 (RLIN) | 15300 |
| 650 #0 - SUBJECT ADDED ENTRY--TOPICAL TERM | |
| Topical term or geographic name as entry element | Social justice. |
| 9 (RLIN) | 15301 |
| General subdivision | Religious aspects |
| -- | Catholic Church |
| 942 ## - ADDED ENTRY ELEMENTS (KOHA) | |
| Source of classification or shelving scheme | Library of Congress Classification |
| Koha item type | Monograph ( Printed materials) |
| Withdrawn status | Lost status | Source of classification or shelving scheme | Damaged status | Not for loan | Collection code | Home library | Current library | Shelving location | Date acquired | Total Checkouts | Full call number | Barcode | Date last seen | Date checked out | Price effective from | Koha item type |
|---|---|---|---|---|---|---|---|---|---|---|---|---|---|---|---|---|
| Library of Congress Classification | Main Collection | ARRUPE LIBRARY | ARRUPE LIBRARY | Main Collection | 18/02/2015 | 8 | BX1795.J87 D67 1991 | 46500002914 | 21/09/2023 | 05/09/2023 | 18/02/2015 | Monograph ( Printed materials) |